“I Felt Better When I Moved Into My Own Place”: Needs and Experiences of Intimate Partner Violence Survivors in Rapid Rehousing
Accessing stable housing is a basic need for intimate partner violence (IPV) survivors, and rapid rehousing programs are a critical way to address homelessness. However, little is known about survivor experiences, needs, and outcomes in rapid rehousing services within IPV agencies. This study uses a...
| Autores principales: | ; ; ; ; |
|---|---|
| Tipo de documento: | Electrónico Artículo |
| Lenguaje: | Inglés |
| Publicado: |
2023
|
| En: |
Violence against women
Año: 2023, Volumen: 29, Número: 6/7, Páginas: 1441-1466 |
| Acceso en línea: |
Volltext (lizenzpflichtig) |
| Verificar disponibilidad: | HBZ Gateway |
| Palabras clave: |
MARC
| LEADER | 00000naa a22000002c 4500 | ||
|---|---|---|---|
| 001 | 1843247151 | ||
| 003 | DE-627 | ||
| 005 | 20230420043612.0 | ||
| 007 | cr uuu---uuuuu | ||
| 008 | 230420s2023 xx |||||o 00| ||eng c | ||
| 024 | 7 | |a 10.1177/10778012221117600 |2 doi | |
| 035 | |a (DE-627)1843247151 | ||
| 035 | |a (DE-599)KXP1843247151 | ||
| 040 | |a DE-627 |b ger |c DE-627 |e rda | ||
| 041 | |a eng | ||
| 084 | |a 2,1 |2 ssgn | ||
| 100 | 1 | |a Wood, Leila |e VerfasserIn |4 aut | |
| 245 | 1 | 0 | |a “I Felt Better When I Moved Into My Own Place”: Needs and Experiences of Intimate Partner Violence Survivors in Rapid Rehousing |
| 264 | 1 | |c 2023 | |
| 336 | |a Text |b txt |2 rdacontent | ||
| 337 | |a Computermedien |b c |2 rdamedia | ||
| 338 | |a Online-Ressource |b cr |2 rdacarrier | ||
| 520 | |a Accessing stable housing is a basic need for intimate partner violence (IPV) survivors, and rapid rehousing programs are a critical way to address homelessness. However, little is known about survivor experiences, needs, and outcomes in rapid rehousing services within IPV agencies. This study uses an exploratory approach to understand the needs and experiences of 31 survivors using vouchers facilitated by an IPV program in the U.S. Southwest. Thematic analysis of structured interviews resulted in four summary themes: getting to housing, managing multiple needs, accessing support, and facing barriers. Practice and evaluation implications are discussed. | ||
| 650 | 4 | |a Safety | |
| 650 | 4 | |a Mental Health | |
| 650 | 4 | |a Homelessness | |
| 650 | 4 | |a Domestic Violence | |
| 700 | 1 | |a Schrag, Rachel Voth |e VerfasserIn |4 aut | |
| 700 | 1 | |a McGiffert, Maggy |e VerfasserIn |4 aut | |
| 700 | 1 | |a Brown, Josh |e VerfasserIn |4 aut | |
| 700 | 1 | |a Backes, Bethany |e VerfasserIn |4 aut | |
| 773 | 0 | 8 | |i Enthalten in |t Violence against women |d London [u.a.] : Sage, 1995 |g 29(2023), 6/7, Seite 1441-1466 |h Online-Ressource |w (DE-627)324827695 |w (DE-600)2031375-5 |w (DE-576)27681732X |x 1552-8448 |7 nnas |
| 773 | 1 | 8 | |g volume:29 |g year:2023 |g number:6/7 |g pages:1441-1466 |
| 856 | 4 | 0 | |u https://doi.org/10.1177/10778012221117600 |x Resolving-System |z lizenzpflichtig |3 Volltext |7 1 |
| 935 | |a mkri | ||
| 951 | |a AR | ||
| ELC | |a 1 | ||
| LOK | |0 000 xxxxxcx a22 zn 4500 | ||
| LOK | |0 001 4311378351 | ||
| LOK | |0 003 DE-627 | ||
| LOK | |0 004 1843247151 | ||
| LOK | |0 005 20230420043612 | ||
| LOK | |0 008 230420||||||||||||||||ger||||||| | ||
| LOK | |0 035 |a (DE-2619)KrimDok#2023-04-19#ED63392E45622B8A17DF284DC0848C55CF377E88 | ||
| LOK | |0 040 |a DE-2619 |c DE-627 |d DE-2619 | ||
| LOK | |0 092 |o n | ||
| LOK | |0 852 |a DE-2619 | ||
| LOK | |0 852 1 |9 00 | ||
| LOK | |0 935 |a zota | ||
| LOK | |0 939 |a 20-04-23 |b l01 | ||
| ORI | |a SA-MARC-krimdoka001.raw | ||
